| 000 | 00924nam a2200265Ia 4500 | ||
|---|---|---|---|
| 003 | OSt | ||
| 005 | 20220923230629.0 | ||
| 006 | a|||||r|||| 00| 0 | ||
| 007 | ta | ||
| 008 | 220922b |||||||| |||| 00| 0 san d | ||
| 020 | _c150 | ||
| 024 | _a285,465 | ||
| 037 |
_b827, 03/03/2015, Anshika Book International _cTextual |
||
| 040 |
_aARTS _cARTS _bsan |
||
| 041 |
_2san _asan |
||
| 082 | _aO15:gxK75,1, [152Q5] | ||
| 100 | _aराजश्रीजगन्नाथ | ||
| 245 | 0 | _aरसग›ाधर | |
| 246 | _aRasaga›ādhara | ||
| 260 |
_aवाराणसी _b भारतीय विद्या प्रकाशन _c2014 |
||
| 300 |
_a424पृ0 _ccm. |
||
| 650 | _aसंस्कृत साहित्य | ||
| 942 |
_hO15:gxK75,1, [152Q5] _cTEXL _2CC |
||
| 999 |
_c386165 _d386165 |
||